| 000 | 00638cam a2200229 a 4500 | ||
|---|---|---|---|
| 008 | |||
| 020 | _a1412902717 (pbk.) | ||
| 049 | _aMAIN | ||
| 050 | 0 | 0 |
_aPN4784.S6 _bAND |
| 100 | 1 | _aAndrews, Phil. | |
| 245 | 1 | 0 |
_aSports journalism : _ba practical guide / _cPhil Andrews. |
| 260 |
_aLondon : _bSAGE, _c2005. |
||
| 300 |
_avi, 180 p. : _bill. ; _c24 cm. |
||
| 504 | _aIncludes bibliographical references. | ||
| 500 | _aIncludes index. | ||
| 650 | 0 | _aSports journalism. | |
| 907 |
_a.b10314441 _b07-06-12 _c10-05-12 |
||
| 003 | |||
| 005 | 20230123125433.0 | ||
| 040 | _cNUST | ||
| 942 | _cBOOKS | ||
| 999 |
_c141474 _d141474 |
||